[Event "ESP-ch U12"]
[Site "Salobrena"]
[Date "2022.07.12"]
[Round "3"]
[White "Melgar Morraja, Mateo"]
[Black "Serra Villafranca, Felix"]
[Result "1-0"]
[WhiteElo "1489"]
[BlackElo "1208"]
[PlyCount "81"]
[EventDate "2022.07.04"]
[EventType "swiss"]
[EventRounds "9"]
[EventCountry "ESP"]
[SourceTitle "EXT 2023"]
[Source "ChessBase"]
[SourceDate "2022.10.05"]
[SourceVersion "1"]
[SourceVersionDate "2022.10.05"]
[SourceQuality "1"]

1. e4 c5 2. Nf3 Nc6 3. d4 cxd4 4. Nxd4 e6 5. Nb5 d6 6. N1c3 a6 7. Nd4 Nf6 8. Be3 Be7 9. f3 d5 10. exd5 Nxd5 11. Nxd5 Qxd5 12. Nxc6 bxc6 13. Qxd5 cxd5 14. Bd4 Bf6 15. Bxf6 gxf6 16. Bd3 f5 17. Kf2 Rg8 18. Rhe1 Kd7 19. Rad1 Bb7 20. c4 Kc7 21. cxd5 Bxd5 22. Bxf5 Bxa2 23. Bxh7 Rh8 24. Be4 Rab8 25. Re2 Rxh2 26. Rc2+ Kb6 27. Rd6+ Ka5 28. b4+ Rxb4 29. Rxa2+ Kb5 30. Rdxa6 Rb2+ 31. Rxb2+ Kxa6 32. Kg3 Rh6 33. Bd3+ Ka7 34. Be4 f5 35. Bd3 Rg6+ 36. Kf4 Rg7 37. Ke5 Rg6 38. Bc4 Rg7 39. Bxe6 Ka6 40. Bxf5 Ka5 41. g4 1-0